| 000 | 01001nam a22002777a 4500 | ||
|---|---|---|---|
| 003 | OSt | ||
| 005 | 20131030081732.0 | ||
| 008 | 131029b xxu||||| |||| 00| 0 eng d | ||
| 020 | _a968-426-756-8 | ||
| 040 |
_aBMC _cBMC |
||
| 082 | _a612.015 | ||
| 082 | _a611.018 | ||
| 100 | 1 |
_98160 _aHarper, Harold Anthony _d1911-1988 |
|
| 245 | 1 | 0 |
_aBioquímica _cde Harper ; [editores], Robert K. Murray ... [et al.] ; traducción, Javier Eduardo Gómez Saborio ; editor responsable, Antonio Lemus Gamboa |
| 250 | _a14ª ed., reimp | ||
| 260 |
_aMéxico D.F. ; Santa Fé de Bogotá _bEl Manual Moderno _c1998 |
||
| 300 |
_aXII, 1021 p. _bil. _c26 cm |
||
| 595 | _aTraducción de : Harper's Biochemistry, 24th ed. | ||
| 650 | 2 | 4 |
_98014 _aBioquímica |
| 650 | 2 | 4 |
_94163 _aBiología molecular |
| 700 | 1 |
_98066 _aGómez Saborio, Javier Eduardo |
|
| 700 | 1 |
_98057 _aLemus Gamboa, Antonio |
|
| 700 | 1 |
_98064 _aMurray, Robert K. |
|
| 730 | 0 |
_98270 _aHarper's illustrated biochemistry _lEspañol |
|
| 942 |
_2ddc _cBK |
||
| 999 |
_c3539 _d3539 |
||